Yüklüyor......
Tribal welfare and environmental development
| Yazar: | |
|---|---|
| Materyal Türü: | Printed Book |
| Baskı/Yayın Bilgisi: |
New Delhi
Centrum Press
2013
|
| Konular: |
| LEADER | 00547nam a22001577a 4500 | ||
|---|---|---|---|
| 020 | |a 9789350840030 | ||
| 082 | |a 305.800 954 |b SAG/T | ||
| 100 | |a Sagar,Ravi Prakash | ||
| 245 | |a Tribal welfare and environmental development | ||
| 260 | |a New Delhi |b Centrum Press |c 2013 | ||
| 300 | |a 296p. | ||
| 650 | |a Tribes-social conditions | ||
| 650 | |a India | ||
| 942 | |c BK | ||
| 999 | |c 37042 |d 37042 | ||
| 952 | |0 0 |1 0 |4 0 |6 305_800000000000000_954_SAGT |7 0 |8 Stack |9 39227 |a KUCL |b KUCL |c Stack |d 2015-12-23 |g 995.00 |l 2 |o 305.800 954 SAG/T |p 33868 |r 2016-12-22 |s 2016-11-26 |w 2015-12-23 |y BK | ||